000 00698nam a2200205Ia 4500
003 GCL
008 140319s9999 xx 000 0 ara d
040 _aGCL /
_cGCL
082 0 4 _a215.1
_bا ا
100 1 _aالمالكى , احمد بن محمد الاسدى
245 1 0 _aاخيار الكرام باخبار المسجد الحرام /
_cالمالكى , احمد بن محمد الاسدى
700 1 _aالحافظ علام مصطفى
260 _a[S.N] :
_bدار الصحوه للنشر والتوزيع ،
_c1985
300 _a266 ص
490 _a
650 0 4 _aالمساجد
650 0 4 _aالمسجد الحرام
650 0 4 _aالمسجد النبوى
942 _2ddc
_cBK
999 _c54735
_d54735